[Event "Serbia-chT central"]
[Site "Golubac"]
[Date "2003.??.??"]
[Round "?"]
[White "Bodic, Dragan"]
[Black "Lazic, Dragoljub"]
[Result "1/2-1/2"]
[WhiteElo "2338"]
[BlackElo "2337"]
[PlyCount "76"]
[EventDate "2003.09.27"]
[EventType "team"]
[EventRounds "11"]
[EventCountry "YUG"]
[SourceTitle "CBM 096 Extra"]
[Source "ChessBase"]
[SourceDate "2003.10.22"]
[SourceVersion "2"]
[SourceVersionDate "2003.10.20"]
[SourceQuality "1"]

1. Nf3 g6 2. c4 Bg7 3. Nc3 Nf6 4. d4 0-0 5. e4 d6 6. Be2 e5 7. 0-0 Nc6 8. d5 Ne7 9. b4 Nh5 10. Qb3 Nf4 11. Bxf4 exf4 12. Rad1 Kh8 13. Nd4 g5 14. h3 Ng6 15. Nf5 Be5 16. Nb5 a6 17. Nbd4 Qf6 18. c5 Bxd4 19. Nxd4 Ne5 20. Nf3 Bd7 21. Nxe5 Qxe5 22. Rfe1 Rg8 23. Bg4 Bxg4 24. hxg4 h5 25. Qh3 Rg7 26. Rc1 Rag8 27. gxh5 g4 28. Qc3 f6 29. Qxe5 fxe5 30. cxd6 cxd6 31. Rc3 g3 32. f3 Kh7 33. Rec1 Kh6 34. Rc8 Rxc8 35. Rxc8 Kxh5 36. a4 Kg5 37. Kf1 Rd7 38. a5 Kf6 1/2-1/2

[Event "Cacak-B"]
[Site "Cacak"]
[Date "1991.??.??"]
[Round "2"]
[White "Bodic, Dragan"]
[Black "Dolmatov, Sergey"]
[Result "0-1"]
[WhiteElo "2300"]
[BlackElo "2620"]
[PlyCount "65"]
[EventDate "1991.05.??"]
[EventType "tourn"]
[EventRounds "11"]
[EventCountry "YUG"]
[EventCategory "4"]
[SourceTitle "EXT 1997"]
[Source "ChessBase"]
[SourceDate "1996.11.15"]
[SourceVersion "1"]
[SourceVersionDate "1996.11.15"]
[SourceQuality "1"]

1. Nf3 d5 2. c4 c6 3. d4 Nf6 4. Nc3 e6 5. e3 Nbd7 6. Bd3 Be7 7. 0-0 0-0 8. e4 dxe4 9. Nxe4 b6 10. Qe2 Bb7 11. Rd1 Qc7 12. Bg5 Rfe8 13. Qc2 h6 14. Bxf6 Nxf6 15. c5 Nxe4 16. Bxe4 bxc5 17. dxc5 a5 18. a3 a4 19. Rd4 f5 20. Bd3 Qa5 21. Rd7 Bc8 22. Rd4 Bxc5 23. Rc4 Bf8 24. Rxc6 Bb7 25. Rc3 Be7 26. Bc4 Bf6 27. Re3 Be4 28. Bd3 Bd5 29. Rae1 Rec8 30. Qb1 Qb6 31. Ne5 Qd4 32. R1e2 Bg5 33. Rg3 0-1

[Event "Cacak-B"]
[Site "Cacak"]
[Date "1991.??.??"]
[Round "10"]
[White "Bodic, Dragan"]
[Black "Rabrenovic, Vladan"]
[Result "1-0"]
[WhiteElo "2300"]
[BlackElo "2285"]
[PlyCount "59"]
[EventDate "1991.05.??"]
[EventType "tourn"]
[EventRounds "11"]
[EventCountry "YUG"]
[EventCategory "4"]
[SourceTitle "EXT 1997"]
[Source "ChessBase"]
[SourceDate "1996.11.15"]
[SourceVersion "1"]
[SourceVersionDate "1996.11.15"]
[SourceQuality "1"]

1. Nf3 d5 2. d4 c5 3. g3 Nc6 4. Bg2 e6 5. 0-0 Nf6 6. c4 Be7 7. cxd5 exd5 8. Nc3 0-0 9. Bg5 cxd4 10. Nxd4 h6 11. Be3 Re8 12. Rc1 Bf8 13. Qa4 Na5 14. Qc2 Bg4 15. h3 Bh5 16. Rfd1 Rc8 17. Nf5 Bg6 18. Bd4 Ne4 19. g4 Bxf5 20. gxf5 Qh4 21. Qd3 Nc6 22. Nxd5 Nxd4 23. Qxd4 Bc5 24. Rxc5 Rxc5 25. Bxe4 Rb5 26. Nc7 Rb4 27. Qxb4 Rxe4 28. Qxb7 Rxe2 29. Qg2 Rxb2 30. Ne8 1-0

[Event "Cacak-B"]
[Site "Cacak"]
[Date "1991.??.??"]
[Round "7"]
[White "Marinkovic, Slavisa"]
[Black "Bodic, Dragan"]
[Result "1/2-1/2"]
[WhiteElo "2335"]
[BlackElo "2300"]
[PlyCount "58"]
[EventDate "1991.05.??"]
[EventType "tourn"]
[EventRounds "11"]
[EventCountry "YUG"]
[EventCategory "4"]
[SourceTitle "EXT 1997"]
[Source "ChessBase"]
[SourceDate "1996.11.15"]
[SourceVersion "1"]
[SourceVersionDate "1996.11.15"]
[SourceQuality "1"]

1. e4 e5 2. Nf3 Nc6 3. Bb5 a6 4. Ba4 Nf6 5. 0-0 Nxe4 6. d4 b5 7. Bb3 d5 8. dxe5 Be6 9. c3 Be7 10. Nbd2 Nc5 11. Bc2 d4 12. cxd4 Nxd4 13. Nxd4 Qxd4 14. Nf3 Qxd1 15. Rxd1 0-0 16. Nd4 Rfd8 17. Be3 Bd5 18. Rac1 Ne6 19. Nxe6 fxe6 20. Bb3 Bxb3 21. axb3 Rxd1+ 22. Rxd1 Rd8 23. Rxd8+ Bxd8 24. f4 Kf7 25. g4 g6 26. Kg2 Be7 27. Kf3 a5 28. Ke4 a4 29. bxa4 bxa4 1/2-1/2

[Event "Cacak-B"]
[Site "Cacak"]
[Date "1991.??.??"]
[Round "11"]
[White "Palkovi, Jozsef"]
[Black "Bodic, Dragan"]
[Result "1/2-1/2"]
[WhiteElo "2460"]
[BlackElo "2300"]
[PlyCount "21"]
[EventDate "1991.05.??"]
[EventType "tourn"]
[EventRounds "11"]
[EventCountry "YUG"]
[EventCategory "4"]
[SourceTitle "EXT 1997"]
[Source "ChessBase"]
[SourceDate "1996.11.15"]
[SourceVersion "1"]
[SourceVersionDate "1996.11.15"]
[SourceQuality "1"]

1. e4 e5 2. Nf3 Nc6 3. Bb5 a6 4. Ba4 Nf6 5. 0-0 b5 6. Bb3 Bb7 7. Re1 Bc5 8. d3 0-0 9. c3 d6 10. Nbd2 h6 11. Nf1 1/2-1/2

[Event "YUG Team-ch31"]
[Site "Donji Milanovac"]
[Date "1979.09.03"]
[Round "8.6"]
[White "Bojkovic, Slobodan"]
[Black "Bodic, Dragan"]
[Result "1/2-1/2"]
[WhiteElo "2410"]
[BlackElo "2260"]
[PlyCount "129"]
[EventDate "1979.08.27"]
[EventType "team-tourn"]
[EventRounds "9"]
[EventCountry "YUG"]
[SourceTitle "EXT 2010"]
[Source "ChessBase"]
[SourceDate "2010.11.25"]
[SourceVersion "1"]
[SourceVersionDate "2010.11.25"]
[SourceQuality "1"]
[WhiteTeam "Novi Sad"]
[BlackTeam "Maribor"]
[WhiteTeamCountry "YUG"]
[BlackTeamCountry "YUG"]

1. e4 g6 2. d4 Bg7 3. Bc4 d6 4. Nf3 Nf6 5. e5 dxe5 6. Nxe5 0-0 7. 0-0 Nfd7 8. Nf3 c5 9. c3 cxd4 10. Nxd4 Ne5 11. Be2 Nbc6 12. Be3 Nxd4 13. Bxd4 Be6 14. Nd2 Qc7 15. Qa4 Rfd8 16. Rfd1 Bd5 17. Nf1 Bc6 18. Qc2 b6 19. Ne3 Nd7 20. Bxg7 Kxg7 21. Rd4 Nf6 22. Rad1 e5 23. Rxd8 Rxd8 24. Qc1 Qe7 25. Re1 h5 26. h3 Bd7 27. Bf1 Be6 28. Nc4 e4 29. Qf4 Qc5 30. Ne3 g5 31. Qh2 Rd2 32. Re2 Rxe2 33. Bxe2 Bxa2 34. h4 gxh4 35. Qxh4 Be6 36. Qf4 a5 37. b4 Qxc3 38. Qg5+ Kf8 39. bxa5 bxa5 40. Bc4 Qc1+ 41. Bf1 Qc3 42. Bc4 a4 43. Qc5+ Kg7 44. Qg5+ Kh7 45. Nf5 Qa1+ 46. Bf1 Bxf5 47. Qxf5+ Kh8 48. Qc5 Kg7 49. Qg5+ Kh7 50. Qf5+ Kh6 51. g3 a3 52. Kg2 Qd4 53. Bc4 Kg7 54. Qg5+ Kf8 55. Qc1 Qc5 56. Qf4 Ke7 57. Ba2 Qd6 58. Qe3 Qd3 59. Qc5+ Qd6 60. Qc4 Kd7 61. Qxf7+ Qe7 62. Qc4 Qd6 63. Qf7+ Kc6 64. Qc4+ Kb6 65. Qb3+ 1/2-1/2